Sistemas modernos (Registro nro. 1815)

Detalles MARC
000 -LEADER
fixed length control field 00812 a2200217 4500
001 - CONTROL NUMBER
control field 29250
005 - DATE AND TIME OF LATEST TRANSACTION
control field 20260407155601.0
008 - FIXED-LENGTH DATA ELEMENTS--GENERAL INFORMATION
fixed length control field 260407a1947 arg spa d
003 - CONTROL NUMBER IDENTIFIER
control field AR-UNSa-BCEJYS
040 ## - CATALOGING SOURCE
Original cataloging agency AR-UNSa-BCEJYS
Language of cataloging spa
Transcribing agency AR-UNSa-BCEJYS
080 ## - UNIVERSAL DECIMAL CLASSIFICATION NUMBER
Universal Decimal Classification number 657
Common auxiliary subdivision Contabilidad
100 1# - MAIN ENTRY--PERSONAL NAME
Personal name Seoane, Jorge
245 10 - TITLE STATEMENT
Title Sistemas modernos
250 ## - EDITION STATEMENT
Edition statement 3a. ed
264 #1 - PRODUCTION, PUBLICATION, DISTRIBUTION, MANUFACTURE, AND COPYRIGHT NOTICE
Place of production, publication, distribution, manufacture Buenos Aires :
Name of producer, publisher, distributor, manufacturer Selección Contable
Date of production, publication, distribution, manufacture, or copyright notice 1947
300 ## - PHYSICAL DESCRIPTION
Extent 230p.
Dimensions 20 cm.
505 ## - FORMATTED CONTENTS NOTE
Formatted contents note 1. Los libros de contabilidad - 2. El libro diario - 3. Errores y omisiones en el diario - 4. Utilidad práctica del diario - 5. Sistemas modernos del libro diario - 6. El libro mayor - 7. Control del sistema contable - 9. Documentación de las operaciones.
590 ## - LOCAL NOTE (RLIN)
Local note niveau_biblio:m niveau_hierar:0
700 1# - ADDED ENTRY--PERSONAL NAME
Personal name Raul, Joaquin
942 ## - ADDED ENTRY ELEMENTS (KOHA)
Koha item type
Existencias
Withdrawn status Lost status Damaged status Not for loan Home library Current library Shelving location Date acquired Total checkouts Full call number Barcode Date last seen Price effective from Koha item type
        Biblioteca Prof. Eusebio Cleto del Rey Biblioteca Prof. Eusebio Cleto del Rey   07/04/2026   657 R245s 3ed. L20173 07/04/2026 07/04/2026 Libro